Festa de primavera : organitzada per la Esperanta Societo Paco Kaj Amo : fondita en 1907 : Colonia Güell, 29 d'abril 1934 organitzada per la Esperanta Societo Paco Kaj Amo :
Descripción Física:
1 full ; 32 cm
MARC
| LEADER | 00000nam a2200000Ia 4500 | ||
|---|---|---|---|
| 001 | 16207 | ||
| 003 | BGR | ||
| 005 | 20260410113711.0 | ||
| 008 | 160829s9999 xx 000 0 cat d | ||
| 080 | |a RF-13-31 | ||
| 110 | 2 | |a Esperanta Societo Paco Kaj Amo (Barcelona) |9 70847 | |
| 245 | |a Festa de primavera : |b organitzada per la Esperanta Societo Paco Kaj Amo : |b fondita en 1907 : |b Colonia Güell, 29 d'abril 1934 | ||
| 260 | |a [Barcelona] : |b (Tip. Delta), [1934] | ||
| 300 | |a 1 full ; |c 32 cm | ||
| 590 | |a Prové de 4032, exp. 144 | ||
| 650 | |a Festes de primavera |x Programes |9 43524 | ||
| 650 | |a Esperanto |9 43525 | ||
| 856 | 4 | |u https://media.diba.cat/diba/fitxers/arxiu/fulletons/bib_16207_1934_baixa.pdf |y Accés lliure | |
| 856 | 4 | |u https://media.diba.cat/diba/fitxers/arxiu/fulletons/bib_16207_1934_baixa.pdf |y Accés lliure | |
| 900 | |a bib_16207_1934_baixa.pdf | ||
| 901 | |a Arxiu | ||
| 942 | |n 1 |2 udc |c MON | ||
| 952 | |0 0 |1 0 |4 0 |6 RF1331 |7 1 |9 51491 |a Arxiu |b Arxiu |d 2016-12-01 |l 0 |o RF-13-31 |p 16207 |r 2016-12-01 00:00:00 |w 2016-12-01 |y ARXIU | ||
| 999 | |c 55335 |d 55335 | ||